Asian Countries that Start with B - Statistics

General Stats
  • This quiz has been taken 127 times
  • The average score is 4 of 5
Answer Stats
Country % Correct
Bangladesh
92%
Bhutan
90%
Bahrain
84%
Brunei
84%
Burma
62%
No matching quizzes found
Score Distribution
Percent of People with Each Score
Percentile by Number Answered
Your Score History
You have not taken this quiz